{"text_format":"3","workbook":"xlsx","n_sheets":1,"sheets":["干杯楼亮化工程量清单 (2)"],"not_rendered":{"images":2,"defined_names":2},"read":"whole","date_system":"1900"}

{"sheet":"干杯楼亮化工程量清单 (2)","index":0,"n_rows":16,"n_cols":10,"rows_kept":16,"merged":[[0,0,0,9],[1,0,2,0],[1,1,2,1],[1,2,2,2],[1,3,2,3],[1,4,2,4],[1,5,1,6],[1,7,1,8],[1,9,2,9],[14,0,14,4],[15,0,15,9]]}
["2023年“H”项目新增光亮工程工程量清单与报价表"]
["序号","项目名称","工作内容","单位","工程量","采购最高限价（含税）",null,"投标报价",null,"备注"]
[{"$nulls":5},"全费用综合单价（元）","合价（元）","含税全费用单价（元）","含税合价（元）"]
[1,"沟槽、基坑土石方开挖","1.基础类型：综合考虑\n2.挖土深度：综合                                                                                                                                        3.土石方比例：综合考虑\n4.挖土方式：由投标人自行考虑，包含在投标报价中。\n5.场内转运：由投标人自行考虑，包含在投标报价中。\n6.投标人应对施工现场及周边条件进行仔细勘察，充分考虑各种因素，综合报价。\n7.基槽、坑临边防护及裸土覆盖由投标人按相关规范执行，费用包含在报价中（防尘网材料甲供）                                         \n8.工程量计算方式：按现场收方计量（不超过定额计算规则方量）。\n","m³",100,18,{"$f":"F4*E4","v":1800}]
[2,"沟槽、基坑土石方回填","1.回填材料：现场土方\n2.回填深度：综合\n3.回填方式：由投标人自行考虑，包含在投标报价中。\n4.场内转运：由投标人自行考虑，包含在投标报价中。\n5.投标人应对施工现场及周边条件进行仔细勘察，充分考虑各种因素，综合报价。\n6.回填打夯后的碾压密实度应达到设计和规范要求。                                                                                                  7.基槽、坑临边防护及裸土覆盖由投标人按相关规范执行，费用包含在报价中（防尘网材料甲供）                                                                                                                                                                \n","m³",100,6,600]
[3,"LED洗墙灯18W/0.3m安装","1.规格：300mm/根        \n2.功率：18W\n3.产品材质：定制压铸铝外壳+钢化玻璃\n4.电压：DC24V，色温：6000K\n5.防护等级：IP65\n6.LED光源和灯具均不低于雷士、飞利浦、欧普的品牌品质要求。                                                                                                                                                         7.施工安装要求: 灯具安装涉及的相关防雷及接地要求详见施工图，且需满足规范及验收要求；。\n8.其他：综合单价包含完成该工作所需的所有材料、并制作安装完成。","套",580,260,150800]
[4,"LED洗墙灯16W/0.3m安装","1.规格：300mm/根        \n2.功率：18W\n3.产品材质：定制压铸铝外壳+钢化玻璃\n4.电压：DC24V，色温：6000K\n5.防护等级：IP65\n6.LED光源和灯具均不低于雷士、飞利浦、欧普的品牌品质要求。                                                                                                                                                                7.施工安装要求: 灯具安装涉及的相关防雷及接地要求详见施工图，且需满足规范及验收要求；。\n8.其他：综合单价包含完成该工作所需的所有材料、并制作安装完成。","套",580,220,127600]
[5,"LED投光灯72W安装","1.功率：72W\n2.产品材质：定制压铸铝外壳+钢化玻璃\n3.电压：DC220V，色温：3500K\n4.防护等级：IP65\n5.LED光源和灯具均不低于雷士、飞利浦、欧普的品牌品质要求。                                                                                                                                                               6.施工安装要求: 灯具安装涉及的相关防雷及接地要求详见施工图，且需满足规范及验收要求；。\n7.其他：综合单价包含完成该工作所需的所有材料、并制作安装完成。","套",8,350,2800]
[6,"防雨开关电源安装","1.320W/AC220V/DC24V 功率因数不小于 0.9 ,                                                                                                                                                                             2.防护等级：IP68，                                                                                                                                                                                                      3.保护功能:短路、过载、过压、过温                                                                                                                                                                            4.其他要求:满足设计、规范要求；\n5.其他：综合单价包含完成该工作所需的所有材料、并制作安装完成。","个",71,120,8520]
[7,"电力电缆敷设","1.YJV-3*6mm2 不低于美河电缆、上上电缆、神舟电缆的品牌品质要求。2.敷设方式 ：穿管敷设，具体详见施工图；\n3.具体做法：满足设计及现行施工技术、质量验收规范要求。\n4.其他：综合单价包含完成该工作所需的所有材料、并制作安装完成。","m",900,20,18000]
[8,"电力电缆敷设","1.RVV-2*4mm2 不低于美河电缆、上上电缆、神舟电缆的品牌品质要求。2.敷设方式 ：穿管敷设，具体详见施工图；\n3.具体做法：满足设计及现行施工技术、质量验收规范要求。\n4.其他：综合单价包含完成该工作所需的所有材料、并制作安装完成。","m",700,10,7000]
[9,"PVC阻燃电线管安装","1.名称、材质、规格：刚性阻燃塑料管φ32\n2.具体做法：满足设计及现行施工技术、质量验收规范要求。\n3.其他：综合单价包含完成该工作所需的所有材料、并制作安装完成。","m",900,4,3600]
[10,"PVC阻燃电线管安装","1.名称、材质、规格：刚性阻燃塑料管φ20\n2.具体做法：满足设计及现行施工技术、质量验收规范要求。\n3.其他：综合单价包含完成该工作所需的所有材料、并制作安装完成。","m",700,2.6,1820]
[11,"阻燃性可弯曲金属波纹管安装","1.名称、材质、规格：阻燃性可弯曲金属波纹管φ20\n2.具体做法：满足设计及现行施工技术、质量验收规范要求。\n3.其他：综合单价包含完成该工作所需的所有材料、并制作安装完成。","m",200,11,2200]
["合  价",{"$nulls":5},{"$f":"SUM(G4:G14)","v":324740},null,{"$f":"SUM(I4:I14)","v":0}]
["注：\n1.工程量计算规则：除项目特征单独说明外，均按2020年《四川省建设工程工程量清单计价定额》相关规定执行。\n2.投标人根据施工图、施工工艺、工序及国家现行规范、自行踏勘现场后综合考虑进行报价，结算时单价不作调整;\n3.全费用综合单价包含人工费、所有材料费（含辅材和周转材料费）、机械设备费、工具器具费、临时设施及措施费、大型机械进出场及场内转运费、下车费、吊装费、规费、管理费、配合费、安全文明施工费、以及各种风险费、保险费、施工过程中办理的各种手续费、降水费、排水费、各种检测费、利润、税费等完成该工作所需的全部费用，结算时无论涨跌、工程量增减或其它任何风险因素，均不作调整。                                                                                                                            \n4.现场安全环保文明施工管理要求：（1）由公司统一发放印有“兴绿园林”字样和LOGO的安全帽和反光背心，班组按实名制领取，使用完后交回项目部，否则按采购费用扣款，其余参照合同附件中安全环保管理协议执行。（2）现场雾炮机由甲方提供，投标单位需安排人员管理使用，人工费、油费及管理费用综合考虑到投标报价中，不单独计取。（3）防尘网由甲方提供，投标单位安排人员进行覆盖、回收、现场转移等，人工费综合考虑到投标报价中，不单独计取。\n5.该综合单价已包括垃圾外运费用，承包人自行综合考虑。\n6.施工中用电由发包人提供电源接口，所用临时配电箱、用电线路、开关箱、机具等所有材料、设备及安装费用含在综合单价中。                                                                                                                                                                                                                        7.施工过程中对于之前完成工作的保护费用由投标人综合考虑，包含在报价内。如造成损坏，按实赔偿。        "]